00381ntaaa2200133 45000030003000000050017000030080021000200400037000411000020000782450054000982600036001523000011001885000048001990120251027203008.00714s1973 ag 01  aAR-BaBNbspacAR-BaBNeaacrdRIC aKeene, Carolyn  aThe clue in the old stagecoach / cCarolyn Keene  aLondon : bSampson Low, cc1963 a160 p. aBAJA PATRIMONIAL POR OBSOLESCENCIA 20180814